000 01175nam0a2200289 4500
001 RU\NLR\BIBL_A\011782218
005 20260407085042.0
035 _a(NLR Aleph) 011782218
090 _a11782622
_c11782622
100 _a20180904d1984 |||y0rusy50 ca
101 0 _arus
102 _aRU
105 _aa z 000zy
200 1 _aИсследование автотормозов железнодорожного подвижного состава
_eсб. науч. тр.
_fВНИИ ж.-д. трансп.
_gпод ред. В. Ф. Ясенцева
210 _aМосква
_cТранспорт
_d1984
215 _a111 с.
_cил.
_d21
320 _aБиблиогр. в конце ст.
606 1 _aАвтотормоза
_jСборники
_9893501
_3RU\NLR\AUTH\663324
686 1 _aО26я73-1
702 1 _aЯсенцев
_bВ. Ф.
_gВиктор Филиппович
_4340
712 0 2 _4570
_aВНИИ железнодорожного транспорта
_9298557
_3RU\NLR\AUTH\8812823
852 _aNLR
_j85-5/2651
942 _cBOOK
980 _aNB